00646cam a22002173a 45000010005000000030006000050050017000110080041000280400015000690420007000840500007000911000038000982450092001362600029002285060030002575160020002876530029003076530023003368300028003598560041003873376PGUSA20140828083031.0041023s2004||||xxu|||||s|||||000 1 eng d aPGUSAbeng adc 4aPS1 aHowells, William Dean,d1837-192014aThe Landlord at Lion's Head — Volume 2h[electronic resource] /cWilliam Dean Howells bProject Gutenberg,c2004 aPublic domain in the USA. aElectronic text aMassachusetts -- Fiction aArtists -- Fiction 0aProject Gutenbergv337640uhttp://www.gutenberg.org/ebooks/3376